都道府県別最も人口の多い村 - Statistics

General Stats
  • This quiz has been taken 239 times
  • The average score is 22 of 34
Answer Stats
都道府県 人口 % Correct
大阪府 千早赤阪村 4893
85%
埼玉県 東秩父村 2548
78%
東京都 小笠原村 2581
78%
神奈川県 清川村 2812
78%
富山県 舟橋村 3271
77%
沖縄県 読谷村 42041
76%
和歌山県 北山村 404
75%
茨城県 東海村 38424
74%
千葉県 長生村 13738
74%
鳥取県 日吉津村 3599
74%
愛知県 飛島村 4657
73%
京都府 南山城村 2505
72%
福島県 西郷村 20317
68%
大分県 姫島村 1812
66%
岐阜県 東白川村 2109
65%
島根県 知夫村 615
65%
青森県 六ヶ所村 9886
64%
宮城県 大衡村 5650
64%
岡山県 西粟倉村 1368
64%
熊本県 南阿蘇村 10155
63%
秋田県 大潟村 3010
62%
福岡県 赤村 2953
61%
山梨県 忍野村 9799
60%
奈良県 明日香村 5228
60%
徳島県 佐那河内村 2170
59%
新潟県 弥彦村 7694
58%
岩手県 九戸村 5365
57%
長野県 南箕輪村 16010
56%
宮崎県 椎葉村 2586
56%
群馬県 榛東村 14610
55%
鹿児島県 宇検村 1653
51%
北海道 中札内村 3902
46%
山形県 戸沢村 4071
42%
高知県 日高村 4858
35%
No matching quizzes found
Score Distribution
Percent of People with Each Score
Percentile by Number Answered
Your Score History
You have not taken this quiz